000 00872nam a2200277 i 4500
001 15309
003 ES-MaACL
005 20230906151036.0
007 t|
008 000214s1999 sp ||||0| spa j
020 _a84-8307-156-8
080 _a821.111-31.09
080 _a821.111(73)-31.09
100 1 _aLodge, David.
_973068
245 1 3 _aEl arte de la ficción
_b: con ejemplos de textos clásicos y modernos /
_cDavid Lodge ; traducción de Laura Freixas.
250 _a3ª ed.
260 _aBarcelona :
_bPenínsula,
_c1999.
300 _a340 p. ;
_c21 cm.
490 1 _aFicciones ;
_v20
650 4 _aNovela inglesa-
_xHistoria y crítica.
_915623
650 1 4 _aNovela norteamericana-
_xHistoria y crítica.
_915624
700 1 _aFreixas, Laura.
_952485
830 0 _aFicciones ;
_v20
_9179319
852 _aES-MaACL
_jL-22598
999 _c15309
_d15309